00812nam a22001697a 4500003000900000008004100009040007100050082001800121100001800139245005200157260003500209300003000244505029600274650002900570650001200599650003100611AR-CdUCM190305b ||||| |||| 00| 0 spa d aMUNICIPALIDAD PROVINCIAL DEL CUSCOcBIBLIOTECA MUNICIPAL DEL CUSCO a338.74 /bT47 aThijsen, Theo aPequeñas Empresas en Comunidades Campesinas / aCusco :bAndina S.R.L ,c1991. a124 páginas ;c20.2 cm. aContenido: Contexto Socioeconomico y Politico para una industrializacion del departamento del Cusco -- El Proderm y su concepcion sobre el rol de la pequeña industria en el desarrollo rural integral -- Caracteristicas Socioeconomicas y tecnicas de las pequeñas empresas (PE's) creadas... aSocioeconomia Cusqueña aPRODERM aLa Industrializacion rural